000 00382cam a2200157ua 4500
003 OSt
008 250512b |||||||| |||| 00| 0 eng d
041 _aeng
082 _a624.17
_bBHA/ST
100 _aBhavikatti, S.S .
245 _aStrenght of materials /
250 _a2 /
260 _aNew Delhi :
_bvikas Publishing company ,
_c2003.
300 _a394 ;
_e`.
942 _cBK
999 _c13100
_d13100